000 00222nam a2200097Ia 4500
008 240331s9999 xx 000 0 und d
082 _bMAR
100 _aMarx, A
245 0 _aOlungavilpin thevaikal saaththiyangal
942 _cL
999 _c2306
_d2306